000 00567nam a22002057a 4500
003 OSt
005 20140310181743.0
008 130406t xxu||||| |||| 00| 0 eng d
020 _a709019X
050 _aBC71
_b.P282 2003
082 _aFIL 160
_bP26 2003
245 _aIntegrated logic (a modular approach) :
_bworktext for logic
_cPasigui, Ronnie Espergal
260 _aManila :
_bRedman Printing,
_cc2003.
300 _a330p. :
_bill.;
_c26 cm.
521 _aCollege
526 _c1210L-1700L
541 _j1
562 _e1
942 _2lcc
_cBK-FIL
999 _c2845
_d2845